Stories of Business Success / Greek Businessmen and Managers: Special English Edition (Record no. 6202)
[ view plain ]
| 000 -LEADER | |
|---|---|
| fixed length control field | 01520cam a22001934a 4500 |
| 005 - ΗΜΕΡΟΜΗΝΙΑ ΚΑΙ ΩΡΑ ΤΕΛΕΥΤΑΙΑΣ ΕΝΗΜΕΡΩΣΗΣ | |
| Πεδίο ελέγχου | 20250605164236.0 |
| 008 - FIXED-LENGTH DATA ELEMENTS--GENERAL INFORMATION | |
| Πεδίο ελέγχου σταθερού μήκους | 250528s ||||||||||||||||||||||||d |
| 035 ## - SYSTEM CONTROL NUMBER | |
| System control number | 21134 |
| 020 ## - ISBN | |
| ISBN | 9789608796058 |
| 040 ## - ΠΗΓΗ ΚΑΤΑΛΟΓΟΓΡΑΦΗΣΗΣ | |
| Φορέας πρωτότυπης καταλογογράφησης | MC Athens Campus Library |
| Γλώσσα καταλογογράφησης | Ελληνικά, Μοντέρνα (1453-) |
| Modifying agency | MC Athens Campus Library |
| Κανόνες περιγραφικής καταλογογράφησης | AACR2 |
| 245 1# - ΤΙΤΛΟΣ ΚΑΙ ΔΗΛΩΣΗ ΥΠΕΥΘΥΝΟΤΗΤΑΣ | |
| Τίτλος | Stories of Business Success / Greek Businessmen and Managers: Special English Edition |
| 260 ## - PUBLICATION, DISTRIBUTION, ETC. | |
| Name of publisher, distributor, etc. | National Bank Of Greece, |
| Date of publication, distribution, etc. | 2000 |
| 300 ## - PHYSICAL DESCRIPTION | |
| Extent | 338 |
| 520 ## - SUMMARY, ETC. | |
| Summary, etc. | Giorgos Apostolopoulos, Vyron Ballis, Aristidis Belles, Sam Benroubi, Vasilis Bitharas, Constantinos Boutaris, Yiannis Boutaris, Lena Capsis, Dimitris Daskalopoulos, Nikos Ebeoglou, Melina Emfietzoglou, Lorentzos Freris, Vlassis Georgatos, Giorgos Gerardos, Panos Germanos, Pavlos Giannakopoulos, Giorgos Gonos, Theodoros Haragionis, Michalis Hatzipavlou, Alexandra Hazapi-Pitta, Fotini Karageorgi, Fanny Katsou, Kostas Kavathas, Giorgos Kotaslos, Xenia Kourtoglou, Niki Koutsiana, Dimitris Koutsolioutsos, Aikaterini Kyriakopoulou, Lavrentis Lavrentiadis, Constantinos Mahairas, Michalis Maillis, Daisy Maniatopoulou, Erietta Mavroudi, Stavros Mihalarias, Giorgos Milonas, Michalis Pagidas, Alexandra Palli, Pericles Panagopoulos, Katerina Panagopoulou, Theodoros Pantalakis, Thanasis Papanikolaou, Pavlos Psomiadis, Fedon Tamvakalis, Minas Tanes, Stefanos Theodoridis, Spyros Theodoropoulos, Katerina Tsemberlidou, Apostolos Vakakis, Theodoros Vasilakis, Nikos Vichos, Liana Vouraki, Aris Vovos. |
| 700 1# - ΠΡΟΣΘΕΤΗ ΑΝΑΓΡΑΦΗ--ΦΥΣΙΚΟ ΠΡΟΣΩΠΟ | |
| Personal name | Koufalis Spyros |
| 9 (RLIN) | 7165 |
| 942 ## - ADDED ENTRY ELEMENTS (KOHA) | |
| Koha item type | Books |
| Τύπος τεκμηρίου | Βιβλιοθήκη | Τρέχουσα τοποθεσία | Barcode | Αριθμός εισαγωγής | Ημερομηνία απόκτησης | Ταξιθετικό σύμβολο | Αριθμός αντιτύπου | Κατάσταση απόσυρσης | Κατάσταση χαμένου | Κατάσταση κατεστραμμένου | Μη δανεισμός | Σύνολο δανεισμών | Ημερομηνία τελευταίας εμφάνισης | Η τιμή ισχύει από |
|---|---|---|---|---|---|---|---|---|---|---|---|---|---|---|
| Books | MC Athens Campus Library | MC Athens Campus Library | 9780000062017 | 2902 | 05/06/2025 | 650.1 KOU | 1 | 05/06/2025 | 05/06/2025 |